| 000 | 00476cam a2200181ua 4500 | ||
|---|---|---|---|
| 003 | OSt | ||
| 008 | 240124b |||||||| |||| 00| 0 eng d | ||
| 020 | _a81 85031 63 0 | ||
| 041 | _aeng | ||
| 082 |
_a660.6 _bPUR/BA |
||
| 100 |
_aPurohit, S S . _95773 |
||
| 245 | _aBasic and agricultural bio-technology / | ||
| 260 |
_a : _bAgro botanical publishers , _c1993. |
||
| 300 | _a598 ; . | ||
| 700 | 1 |
_aKothari, P R . _95774 |
|
| 700 | 1 |
_aMathur, S K . _95775 |
|
| 942 | _cBK | ||
| 999 |
_c4732 _d4732 |
||